Documentary letters of credit: Uniform customs and practice (Record no. 23820)

MARC details
000 -LEADER
fixed length control field 00386nam a2200145Ia 4500
082 ## - DEWEY DECIMAL CLASSIFICATION NUMBER
Classification number 336.77
Item number KES
100 ## - MAIN ENTRY--AUTHOR NAME
Personal name KESHMAMAT, V V
245 #0 - TITLE STATEMENT
Title Documentary letters of credit: Uniform customs and practice
260 ## - PUBLICATION, DISTRIBUTION, ETC. (IMPRINT)
Place of publication Bombay
Name of publisher Vivek
Year of publication 1975
650 ## - SUBJECT ADDED ENTRY--TOPICAL TERM
Topical Term LC Exports
650 ## - SUBJECT ADDED ENTRY--TOPICAL TERM
Topical Term LC Imports
650 ## - SUBJECT ADDED ENTRY--TOPICAL TERM
Topical Term Letters of credit
942 ## - ADDED ENTRY ELEMENTS (KOHA)
Koha item type Books
Holdings
Withdrawn status Lost status Damaged status Not for loan Home library Current library Date acquired Full call number Accession Number Koha item type
        RRII Library RRII Library 16/12/2021 336.77 KES 04515 Books